Paradise Lost / (Record no. 6896)
[ view plain ]
| 000 -LEADER | |
|---|---|
| fixed length control field | 00799nam a22002417a 4500 |
| 003 - CONTROL NUMBER IDENTIFIER | |
| control field | BUBTL |
| 008 - FIXED-LENGTH DATA ELEMENTS--GENERAL INFORMATION | |
| fixed length control field | 230104b ||||| |||| 00| 0 eng d |
| 020 ## - INTERNATIONAL STANDARD BOOK NUMBER | |
| International Standard Book Number | 9781405832786 |
| 082 ## - DEWEY DECIMAL CLASSIFICATION NUMBER | |
| Classification number | 821.4/ M642p/ 2007 |
| 100 ## - MAIN ENTRY--PERSONAL NAME | |
| 9 (RLIN) | 4950 |
| Personal name | Milton, John |
| 245 ## - TITLE STATEMENT | |
| Title | Paradise Lost / |
| Statement of responsibility, etc. | John Milton, Alastair Fowler |
| 250 ## - EDITION STATEMENT | |
| Edition statement | 2nd Edn |
| 260 ## - PUBLICATION, DISTRIBUTION, ETC. (IMPRINT) | |
| Place of publication, distribution, etc. | London: |
| Name of publisher, distributor, etc. | Routledge Taylor & Francis Group, |
| Date of publication, distribution, etc. | c2007 |
| 300 ## - PHYSICAL DESCRIPTION | |
| Extent | xxviii,1100 p.: |
| Dimensions | 25 cm. |
| 440 ## - SERIES STATEMENT/ADDED ENTRY--TITLE | |
| 9 (RLIN) | 5126 |
| Title | Longman Annotated English Poets |
| 500 ## - GENERAL NOTE | |
| General note | Includes bibliographical references |
| 505 ## - FORMATTED CONTENTS NOTE | |
| Formatted contents note | Paradise Lost, John Milton, Alastair Fowler, English, English Literature |
| 650 #0 - SUBJECT ADDED ENTRY--TOPICAL TERM | |
| 9 (RLIN) | 1994 |
| Topical term or geographic name as entry element | English Literature |
| 700 ## - ADDED ENTRY--PERSONAL NAME | |
| 9 (RLIN) | 5136 |
| Personal name | Fowler, Alastair |
| 856 ## - ELECTRONIC LOCATION AND ACCESS | |
| Password | 0 |
| Logon | 0 |
| Link text | Download |
| 942 ## - ADDED ENTRY ELEMENTS (KOHA) | |
| Source of classification or shelving scheme | |
| Koha item type | Books |
| Withdrawn status | Lost status | Source of classification or shelving scheme | Damaged status | Not for loan | Collection code | Permanent location | Current location | Shelving location | Date acquired | Source of acquisition | Inventory number | Total Checkouts | Full call number | Barcode | Date last seen | Copy number | Price effective from | Koha item type |
|---|---|---|---|---|---|---|---|---|---|---|---|---|---|---|---|---|---|---|
| Not For Loan | Fiction | Bangladesh University of Business and Technology Library | Bangladesh University of Business and Technology Library | English Literature Stacks | 11/03/2022 | Purchase | 28875 | 821.4/ M642p/ 2007 | BUBTL-200328875 | 01/04/2023 | C-1 | 01/04/2023 | Books |
